[Event "Dhaka Bangabandhu op-B"]
[Site "Dhaka"]
[Date "2021.03.13"]
[Round "5"]
[White "Golam Rasul, Bhuiyan"]
[Black "A K M, Kamruzzaman"]
[Result "1-0"]
[WhiteElo "1747"]
[BlackElo "1829"]
[PlyCount "75"]
[EventDate "2021.03.09"]
[EventType "swiss"]
[EventRounds "9"]
[EventCountry "BAN"]
[SourceTitle "CBM 201 Extra"]
[Source "ChessBase"]
[SourceDate "2021.05.31"]
[SourceVersion "1"]
[SourceVersionDate "2021.05.31"]
[SourceQuality "1"]

1. d4 Nf6 2. Nf3 g6 3. c4 Bg7 4. Nc3 d5 5. cxd5 Nxd5 6. e4 Nxc3 7. bxc3 Qd7 8. Bd3 c5 9. Be3 Nc6 10. 0-0 0-0 11. e5 cxd4 12. cxd4 b6 13. Qd2 Bb7 14. Be4 Qg4 15. Ng5 Rfd8 16. Qb2 h6 17. h3 Qd7 18. Nf3 e6 19. Rad1 Ne7 20. Bxb7 Qxb7 21. Bd2 Nd5 22. Rfe1 Rac8 23. Rc1 Rxc1 24. Rxc1 Rc8 25. Rxc8+ Qxc8 26. g3 Qc4 27. Kg2 Bf8 28. h4 Qe2 29. Qc1 Kh7 30. Qc8 Be7 31. Qe8 g5 32. Qxf7+ Kh8 33. Qxe6 Qe4 34. Qxh6+ Kg8 35. hxg5 Bf8 36. Qe6+ Kh7 37. g6+ Qxg6 38. Qxd5 1-0

[Event "BAN-chT2 Borsho 2nd"]
[Site "Bangladesh"]
[Date "2021.01.21"]
[Round "2.4"]
[White "Mohammad, Tanvir Rahman"]
[Black "A K M, Kamruzzaman"]
[Result "0-1"]
[WhiteElo "1786"]
[BlackElo "1800"]
[PlyCount "84"]
[EventDate "2021.01.20"]
[EventType "team-tourn"]
[EventRounds "9"]
[EventCountry "BAN"]
[SourceTitle "CBM 200 Extra"]
[Source "ChessBase"]
[SourceDate "2021.03.31"]
[SourceVersion "1"]
[SourceVersionDate "2021.03.31"]
[SourceQuality "1"]
[WhiteTeam "Bangladesh Police Prime"]
[BlackTeam "Sohel Smirity Sangsad"]
[WhiteTeamCountry "BAN"]
[BlackTeamCountry "BAN"]

1. d4 Nf6 2. c4 g6 3. Nc3 d5 4. cxd5 Nxd5 5. e4 Nxc3 6. bxc3 Bg7 7. Nf3 c5 8. h3 0-0 9. Bc4 Qc7 10. Bb3 Nc6 11. 0-0 cxd4 12. cxd4 e6 13. Bg5 Qa5 14. e5 Qa3 15. Qd2 b6 16. Bf6 Bb7 17. Nh2 Qb4 18. Qxb4 Nxb4 19. Be7 Nd5 20. Bxf8 Bxf8 21. Ng4 Nf4 22. f3 Ne2+ 23. Kh2 Nxd4 24. Ba4 b5 25. Bb3 a5 26. Rad1 Bc5 27. Nf6+ Kg7 28. Ne4 Bxe4 29. fxe4 a4 30. Bxa4 Rxa4 31. Rc1 Bb6 32. Rf2 Rc4 33. Rb1 Bc7 34. Kh1 Bxe5 35. Rfb2 h5 36. g4 hxg4 37. hxg4 g5 38. Kg2 Bd6 39. Kf2 b4 40. Ke3 Nc6 41. Rb3 Ne5 42. Rd1 Bc5+ 0-1